000 00896nam a2200229Ia 4500
999 _c49615
_d49615
001 16547
003 GE_BSU
005 20250121121459.0
008 181216s1966||||ge |||||||||||||| ||geo||
040 _cGE_BSU
041 _aGEO
080 _a811.353.1'38 ო-47
100 _aონიანი, ალექსანდრე
_914546
245 _aქართული იდიომები /
_cრედ. გ. ახვლედიანი ; მხატვ. ჯ. ყავშვლაილი.
264 _aთბილისი :
_bნაკადული,
_c1966.
300 _a196 გვ. ;
_c22 სმ.
541 _h6ლ.
653 _aქართული იდიომები
700 _aახვლედიანი, გ.
_eრედაქტორი
_92910
700 _aყავშვლაილი, ჯ.
_eმხატვარი
_924082
942 _cBK
_2udc